UM Logo
Normal view MARC view
  • Ozturk, G.

Entry Personal Name

Number of records used in: 1

001 - CONTROL NUMBER

  • control field: 43213

003 - CONTROL NUMBER IDENTIFIER

  • control field: OSt

005 - DATE AND TIME OF LATEST TRANSACTION

  • control field: 20210428134203.0

008 - FIXED-LENGTH DATA ELEMENTS

  • fixed length control field: 210428|| aca||aabn | a|a d

040 ## - CATALOGING SOURCE

  • Original cataloging agency: OSt
  • Transcribing agency: OSt

100 ## - HEADING--PERSONAL NAME

  • Personal name: Ozturk, G.
  • Relator term: Author.

670 ## - SOURCE DATA FOUND

  • Source citation: Work cat.: (OSt): Monthie-Doyum, Judy. 43212, Romeo and Juliet in one hour/, c2006-2008.